Statistics for Ancient History by Letter 'E'

Click here to take the quiz!

General Stats

  • This quiz has been taken 1,700 times
    (1,610 since last reset)
  • The average score is 12 of 18

Answer Stats

HintAnswer% Correct
Archimedes said this when he made a discoveryEureka!
97%
Where you would find the Nile river and the PyramidsEgypt
96%
Hannibal led 37 of these across the AlpsElephants
95%
The leader of an Empire: Augustus for exampleEmperor
92%
Mesopotamia lies between the Tigris and this riverEuphrates
90%
A species whose last member has died out; like the dinosaursExtinct
80%
The Iliad and the Odyssey are examples of this style of poetryEpic Poetry
79%
What does the word "buddha" mean?Enlightened One
77%
The Greek god of love, and the son of AphroditeEros
77%
Julius Caesars' last words; according to ShakespeareEt tu, Brute?
75%
A species that is on the verge of dying outEndangered species
69%
The father of geometry, he wrote the ElementsEuclid
69%
To preserve a corpse from decay, like the Egyptians did with mummiesEmbalm
64%
These early Romans lived in northern Italy and were influenced by the GreeksEtruscans
58%
The "heaven" of Ancient Greek mythologyElysium
48%
Ancient Greek city, home to the Temple of ArtemisEphesus
34%
This document allowed Christians to worship within the Roman EmpireEdict of Milan
12%
The only hill of Ancient Rome to fit this categoryEsquiline Hill
9%

Score Distribution

Percentile by Number Answered

Percent of People with Each Score

Your Score History

You have not taken this quiz since the last reset